Normal view
MARC view
- عقود الإيجار -- قوانين و أنظمة -- الأردن -- إيجار -- قوانين وأنظمة -- الأردن -- محكمة التمييز-- الأردن
Entry Topical Term
001 - CONTROL NUMBER
- control field: 53003
003 - CONTROL NUMBER IDENTIFIER
- control field: JO-AjAnu
005 - DATE AND TIME OF LATEST TRANSACTION
- control field: 20230606082716.0
008 - FIXED-LENGTH DATA ELEMENTS
- fixed length control field: 230606|| aca||aabn | a|a d
040 ## - CATALOGING SOURCE
- Original cataloging agency: JO-AjAnu
- Transcribing agency: JO-AjAnu
150 ## - HEADING--TOPICAL TERM
- Topical term or geographic name entry element: عقود الإيجار -- قوانين و أنظمة -- الأردن -- إيجار -- قوانين وأنظمة -- الأردن -- محكمة التمييز-- الأردن
670 ## - SOURCE DATA FOUND
- Source citation: Work cat.: (JO-AjAnu)27080: العبيدي ، علي هادي , author 53002, شرح أحكام المالكين والمستأجرين في ضوء قضاء محكمة التمييز وفقا لأحدث التعديلات